000
00491nam a2200157Ia 4500
008
090124s9999 xx 000 0 und d
082
_b
202086
245
_a
बालोद्यान
250
_a
1
260
_b
टोळ दत्ता श्री / घारपुरे
_c
1968
300
_a
112
630
_a
बालोद्यान
700
_a
टोळ दत्ता श्री / घारपुरे
730
_a
बालोद्यान
942
_c
BOOK
999
_c
183667
_d
183667